|
|
|
|
| LEADER |
00000nam0a2200000 4500 |
| 001 |
280369 |
| 005 |
20231101235311.0 |
| 035 |
|
|
|a (RuTPU)RU\TPU\book\303678
|
| 090 |
|
|
|a 280369
|
| 100 |
|
|
|a 20141227d1986 k y0rusy50 ca
|
| 101 |
0 |
|
|a rus
|
| 102 |
|
|
|a UA
|
| 105 |
|
|
|a y z 001zy
|
| 200 |
1 |
|
|a Научные центры Академии наук Украинской ССР (опыт и перспективы)
|f Г. М. Добров [и др.]
|g Академия наук Украинской ССР (АН УССР)
|
| 210 |
|
|
|a Киев
|c Наукова думка
|d 1986
|
| 215 |
|
|
|a 208 с.
|
| 320 |
|
|
|a Библиогр.: с. 203-208
|
| 606 |
1 |
|
|a Академия наук СССР
|2 stltpush
|3 (RuTPU)RU\TPU\subj\1608
|9 30348
|
| 610 |
1 |
|
|a академии
|
| 610 |
1 |
|
|a УССР
|
| 610 |
1 |
|
|a научная работа
|
| 610 |
1 |
|
|a научные исследования
|
| 610 |
1 |
|
|a Украина
|
| 610 |
1 |
|
|a научные центры
|
| 610 |
1 |
|
|a научно-технический потенциал
|
| 610 |
1 |
|
|a территориальное размещение
|
| 610 |
1 |
|
|a 20 век
|
| 610 |
1 |
|
|a монографии
|
| 686 |
|
|
|a Ч214(2)71
|v LBC/SL-A
|2 rubbk
|
| 701 |
|
1 |
|a Добров
|b Г. М.
|
| 701 |
|
1 |
|a Марущак
|b В. Т.
|
| 701 |
|
1 |
|a Байдаков
|b В. В.
|
| 701 |
|
1 |
|a Авсенев
|b Е. В.
|
| 712 |
0 |
2 |
|a Академия наук Украинской ССР (АН УССР)
|c (1936-1991)
|2 stltpush
|3 (RuTPU)RU\TPU\col\332
|
| 801 |
|
1 |
|a RU
|b 63413507
|c 20141227
|
| 801 |
|
2 |
|a RU
|b 63413507
|c 20160610
|g RCR
|
| 942 |
|
|
|c BK
|